Statistics for General Knowledge Quiz #214

Click here to take the quiz!

General Stats

  • This quiz has been taken 38,213 times
  • The average score is 13 of 20

Answer Stats

QuestionAnswer% Correct
What does the German greeting "guten Morgen" mean in English?Good morning
98%
What's the capital of China?Beijing
95%
What is the governing body of world football (soccer)?FIFA
87%
Who did Rami Malek portray in the 2018 movie "Bohemian Rhapsody"?Freddie Mercury
85%
What mischievous Norse god is portrayed by actor Tom Hiddleston?Loki
81%
What comes next after primary and secondary?Tertiary
79%
What is the third most common last name in Italy, and also a well-known car company?Ferrari
77%
What is June 6th, 1944 known as?D-Day
71%
What actor has, in his various roles, been a math genius, had amnesia,
and been stranded on Mars?
Matt Damon
68%
What word refers to something that goes faster than the speed of sound?Supersonic
67%
The largest of its kind was discovered in South Africa weighing 621 grams. What is it? Diamond
65%
What animal was described by Plato as a "featherless biped"?Humans
61%
On what fictional continent does "The Lord of the Rings" take place?Middle-earth
57%
What does the Cessna company manufacture?Airplanes
54%
The capital cities of Kinshasa and Brazzaville lie on opposite banks of what river?Congo
47%
What swashbuckling swordsman shares his name with the Spanish word for fox?Zorro
46%
What Toronto structure would be the tallest building in the Western Hemisphere
if it were a building, which it is not?
CN Tower
43%
Who would control pitch, yaw, and roll as part of their daily job?a Pilot
38%
What country's Prime Minister is given the title Taoiseach, a word meaning
"chief" or "leader"?
Ireland
29%
What region of the world experienced an "Intifada" from 1987–1993 and
another from 2000–2005?
Palestine
26%

Score Distribution

Percentile by Number Answered

Percent of People with Each Score

Your Score History

You have not taken this quiz